Seth Webb

Texas A&M A


Categories

Science - Physics030030105113.6703
Science - Other Science031125105114.0003
History - Other History02111591113.0001
Religion010110141141.0000
Mythology010010119119.0000
Fine Arts - Other Fine Arts0100107575.0011
Philosophy010010130130.0001
Fine Arts - Classical Music01105112112.0001
Social Science0010-50.0000

Buzzes

Fine Arts - Other Fine Artsboots1075
History - Other HistorySumerian kings1091
Science - Other ScienceOort cloud-596
Science - Physicsposition AND momentum10105
Science - Other Sciencelocal10105
Fine Arts - Classical MusicGloria-5106
Social Sciencereading-5108
Science - Physicsparamagnetism10109
Fine Arts - Classical Musicorgan10112
Science - Other Scienceparallelism10115